World at their fingertips (Record no. 61980)

MARC details
000 -LEADER
fixed length control field 00587nam a2200145 a 4500
008 - FIXED-LENGTH DATA ELEMENTS--GENERAL INFORMATION
fixed length control field 120416s1967 ||||||||||||||||| || u
050 ## - LIBRARY OF CONGRESS CALL NUMBER
Classification number TK 9956 Cla
100 ## - MAIN ENTRY--PERSONAL NAME
Personal name Clarricoats, John
245 10 - TITLE STATEMENT
Title World at their fingertips
246 ## - VARYING FORM OF TITLE
Title proper/short title the story of amateur radio in the United Kingdom and a history of the radio society of Great Britain
260 ## - PUBLICATION, DISTRIBUTION, ETC.
Place of publication, distribution, etc. London
Name of publisher, distributor, etc. Radio Society
Date of publication, distribution, etc. 1967
300 ## - PHYSICAL DESCRIPTION
Extent viii, 307p. : ill.
350 ## - PRICE (NR) (BK AM CF MU VM SE) [OBSOLETE]
Price 0.00
995 ## - RECOMMENDATION 995 [LOCAL, UNIMARC FRANCE]
-- 0.00
-- CBU-MAIN LIBRARY (Kitwe)
-- 1
-- 3.00
-- AVAILABLE
-- Annex Low-Usage Collection
Holdings
Withdrawn status Lost status Source of classification or shelving scheme Damaged status Not for loan Home library Current library Shelving location Date acquired Total Checkouts Full call number Barcode Date last seen Price effective from Koha item type
          CBU-MAIN LIBRARY, KITWE. CBU-MAIN LIBRARY, KITWE.   11/30/2022   TK 9956 Cla 015765 11/30/2022 11/30/2022 MONOGRAPH